书目信息 |
| 题名: |
微机电系统
|
|
| 作者: | 梅涛 , 伍小平 主编 | |
| 分册: | ||
| 出版信息: | 北京 化学工业出版社 2003.01 |
|
| 页数: | 197页 | |
| 开本: | 20cm | |
| 丛书名: | ||
| 单 册: | ||
| 中图分类: | TM38-39 | |
| 科图分类: | ||
| 主题词: | 微电机 | |
| 电子资源: | ||
| ISBN: | 7-5025-4320-1 | |
| 000 | 00582nam0 2200205 45 | |
| 001 | 0458090347 | |
| 005 | 2004042816080964 | |
| 010 | @a7-5025-4320-1@dCNY 15.00 | |
| 100 | @a20040428d2003 km y0chiy0120 ea | |
| 101 | 0 | @achi |
| 102 | @aCN@b110000 | |
| 200 | 1 | @a微机电系统@AWei Ji Dian Xi Tong@f梅涛,伍小平主编@FMei Tao,Wu Xiao Ping Zhu Bian |
| 210 | @a北京@c化学工业出版社@d2003.01 | |
| 215 | @a197页@d20cm | |
| 606 | 0 | @a微电机 |
| 690 | @aTM38-39@v3 | |
| 701 | 0 | @a梅涛@AMei Tao@4主编 |
| 701 | 0 | @a伍小平@AWu Xiao Ping@4主编 |
| 801 | 0 | @aCN@bPFT@c20040428 |
| 905 | @dTM38-39@eM461 | |
| 微机电系统/梅涛,伍小平主编.-北京:化学工业出版社,2003.01 |
| 197页;20cm |
| ISBN 7-5025-4320-1:CNY 15.00 |
| ● |
| 相关链接 |
|
|
|
正题名:微机电系统
索取号:TM38-39/M461
 
预约/预借
| 序号 | 登录号 | 条形码 | 馆藏地/架位号 | 状态 | 备注 |
| 1 | 389810 | 203898103 | 自科库301/301自科库 12排2列1层/ [索取号:TM38-39/M461] | 在馆 | |
| 2 | 389811 | 203898112 | 自科库301/301自科库 12排2列1层/ [索取号:TM38-39/M461] | 在馆 | |
| 3 | 389812 | 203898121 | 自科二线404/404自科库 18排5列2层/ [索取号:TM38-39/M461] | 在馆 |